Birth of a nation / (Record no. 104504)

MARC details
000 -LEADER
fixed length control field 00534nam a22001817a 4500
005 - DATE AND TIME OF LATEST TRANSACTION
control field 20161107171752.0
010 ## - LCCN (DPL NO)
LC control number ENG-116461
020 ## - INTERNATIONAL STANDARD BOOK NUMBER
International Standard Book Number 9788124119075
Terms of availability 895.00
035 ## - SYSTEM CONTROL NUMBER
System control number EN-99993
037 ## - SOURCE OF ACQUISITION
Source of stock number/acquisition DBAD/PUB
082 ## - DEWEY DECIMAL CLASSIFICATION NUMBER
Classification number 954.92
100 ## - MAIN ENTRY--PERSONAL NAME
Personal name Gupta Ray,M.K.
245 ## - TITLE STATEMENT
Title Birth of a nation /
Statement of responsibility, etc by M.K. Gupta Ray
260 ## - PUBLICATION, DISTRIBUTION, ETC. (IMPRINT)
Place of publication, distribution, etc New Delhi
Name of publisher, distributor, etc Har-Anand Publications
Date of publication, distribution, etc 2016
270 ## - ADDRESS
Address E-49/3, Okhla Industrial Area, Phase-II
City New Delhi
Postal code 110020
300 ## - PHYSICAL DESCRIPTION
Extent 296p.
Dimensions 21cm (Hb)
942 ## - ADDED ENTRY ELEMENTS (KOHA)
Source of classification or shelving scheme Dewey Decimal Classification
Item type English Books
Classification part 954.92
Call number suffix GUP
Holdings
Withdrawn status Lost status Not for loan Collection code Home library Current library Date acquired Source of acquisition Cost, normal purchase price Full call number Barcode Copy number Cost, replacement price Koha item type
      Non-fiction Shahdara Branch Shahdara Branch 07/11/2016 DBAD/PUB 895.00 954.92 GUP EN-99993 1 895.00 English Books

© Delhi Public Library
Hit Counter
free hit counter